000
00337nam a2200157Ia 4500
100
_a
Jhamb / L.C
490
_v
II
942
_c
BK
654
_a
Techniques VII
245
_a
Quantitative techniques VII
260
_b
Everest Pub.House
_a
Mumbai
_c
1997
082
_a
658.4033
_b
JHA
300
_a
566
546
_a
ENGLISH
999
_c
23571
_d
23571